| 000 | 00543nam a2200193Ia 4500 | ||
|---|---|---|---|
| 999 |
_c1658 _d1658 |
||
| 003 | OSt | ||
| 005 | 20200922105021.0 | ||
| 008 | 190216s9999||||xx |||||||||||||| ||und|| | ||
| 020 | _a9788125918233 | ||
| 040 | _coclc | ||
| 082 |
_a581 _bPAN/T |
||
| 100 |
_aPandey, S N _92549 |
||
| 245 | 0 |
_aA Textbook Of Botany / _cS N Pandey ; S P Misra ; P S Trivedi |
|
| 250 | _a12th Ed. | ||
| 260 |
_bVikas Publishing House, _c2006. _aNew Delhi: |
||
| 300 | _a714p | ||
| 650 | _aBotany | ||
| 942 |
_cBK _2ddc _h581 _iPAN/T _k581 _mPAN/T |
||